00462nam a22001817a 4500003000500000005001700005008004100022020003300063038001100096040001800107041000800125082001300133100002000146245006100166260003100227300001000258650001200268Nust20180727050737.0161209b xxu||||| |||| 00| 0 eng d a9780330478274 (pbk)cRs. 476 aArshad aNUST- Fiction heng a823bCOL aCollins, Jackie aL.A. Connections /bPower, obsession, murder and revenge aLondon:bPan books,c1999. a424p. aFiction